000 00567nam a2200181Ia 4500
005 20250508153052.0
008 008 250505s9999 xx 000 0 eng d
037 _aTextual
040 _aFEDL
_beng
_cFEDL
041 _aeng
_2eng
084 _a370.15, DEV
_qFEDL
100 _aGowda A. C. Deve
_9763112
245 0 _aPhilosophy and psychology of education : Shikshana thathwadrushti matthu manovigyana
650 _aEducation - Psychology
_9755527
700 _a Veerappa N. S.
_9763113
942 _cTEXL
_h370.15, DEV
999 _c1340505
_d1340505